Statistics for Extremes of Earth

Click here to take the quiz!

General Stats

  • This quiz has been taken 15 times
  • The average score is 7 of 15

Answer Stats

HintAnswer% Correct
Highest point on Earths surface measured from sea level - EverestNepal or China
100%
The point furthest from the Earths center - ChimborazoEcuador
86%
The highest natural lake - unnamed crater lake on Ojos del SaladoArgentina
71%
The highest volcano - Ojos del SaladoChile
71%
The highest permanent human settlement - La RinconadaPeru
71%
The lowest point ever reached - Kola superdeep boreholeRussia
71%
The lowest major city - BakuAzerbaijan
64%
Deepest open-pit mine below ground level - Bingham Canyon MineUSA
43%
Greatest purely vertical drop - Mount ThorCanada
29%
The lowest railroad station not inside a tunnel is - Beit She'an railway stationIsrael
29%
The lowest human-sized point underground - Tautona mineSouth Africa
29%
The lowest international airport - Atyrau AirportKazakhstan
21%
The fastest point, i.e. the point furthest from the Earths rotational axis - CayambeEcuador
14%
The lowest undersea highway tunnel- Ryfast TunnelNorway
7%
Greatest nearly vertical drop - Trango TowersPakistan
0%

Score Distribution

Percentile by Number Answered

Percent of People with Each Score

Your Score History

You have not taken this quiz